| 000 | 00888nam a22002417a 4500 | ||
|---|---|---|---|
| 008 | 081212t xxu||||| |||| 00| 0beng d | ||
| 010 | _aENG-97605 | ||
| 020 |
_c70.00 _a9789380243474 |
||
| 020 |
_c70.00 _a938024347x |
||
| 035 | _aEN-81138 | ||
| 037 | _bDBAD / PUB | ||
| 040 |
_adpl _bEnglish |
||
| 082 | _a004.16076 | ||
| 100 |
_93724 _aSudha, S. |
||
| 245 |
_aFundamentals of microprocessor / _cby S. Sudha |
||
| 260 |
_aTriuchirappalli _bRaja Publications _c2009 |
||
| 270 |
_a4/1, S.S.H. Shelter, Hazarath Abdul Salam Street, Khajanagar, _bTiruchirappalli _e620020 |
||
| 300 |
_a114p. _c20cm (pbk) |
||
| 600 |
_aBaba Visakha Singh _xBiography. _93725 |
||
| 700 | _93799 | ||
| 942 |
_2ddc _cEN _mSUD _h004.16076 |
||
| 999 |
_c38648 _d38648 |
||